000 00732cab a2200193 4500
001 ##L131655
008 051125n2005 000 0 eng u
035 _a(Sirsi) u131655
041 0 _aeng
100 1 _aWatson, Stuart
245 0 0 _aRegional report
_bSussex, Surrey and London boroughs south
260 _c2005
490 0 _aProperty Week
_v70(46)18 November 2005, 81-98(8)
520 _aCovers regional commercial property market news and provides features on the office and industrial markets, Oracle's mixed use development activities and the redevelopment of Camberley town centre.
590 _aIKA061205
690 _aPROPERTY-COMMERCIAL PROPERTY-COMMERCIAL PROPERTY MARKET
700 1 _aRoberts, Gwyn
942 _n0
999 _c76224
_d76224